000 00364nam a2200145Ia 4500
008 210210b1974 xxu||||| |||| 00| 0 eng d
082 _a346.066 SINI
100 _aSINGH (Avatar).
245 _aIndian company law.
260 _aLucknow
_bEastern Book Co
_c1974
300 _axxx,332,46
650 _aIndian company law
690 _aCompany Law
906 _a031693
999 _c82843
_d82843